The gorgeous Georgians / (Record no. 2380)

MARC details
000 -LEADER
fixed length control field 01696cam a22004217a 4500
001 - CONTROL NUMBER
control field 2380
003 - CONTROL NUMBER IDENTIFIER
control field FISKH
005 - DATE AND TIME OF LATEST TRANSACTION
control field 20240126122147.0
008 - FIXED-LENGTH DATA ELEMENTS--GENERAL INFORMATION
fixed length control field 140911r20092005enka j 001 0 eng
010 ## - LIBRARY OF CONGRESS CONTROL NUMBER
LC control number 2014432701
015 ## - NATIONAL BIBLIOGRAPHY NUMBER
National bibliography number GBA904576
Source bnb
016 7# - NATIONAL BIBLIOGRAPHIC AGENCY CONTROL NUMBER
Record control number 014877894
Source Uk
020 ## - INTERNATIONAL STANDARD BOOK NUMBER
International Standard Book Number 9781407109671 (pbk.)
020 ## - INTERNATIONAL STANDARD BOOK NUMBER
International Standard Book Number 9781407104195
020 ## - INTERNATIONAL STANDARD BOOK NUMBER
International Standard Book Number 1407109677 (pbk.)
035 ## - SYSTEM CONTROL NUMBER
System control number (OCoLC)ocn298599363
040 ## - CATALOGING SOURCE
Original cataloging agency UKM
Language of cataloging eng
Transcribing agency UKM
Modifying agency BTCTA
-- YDXCP
-- OCLCQ
-- OCLCF
-- DLC
042 ## - AUTHENTICATION CODE
Authentication code lccopycat
050 00 - LIBRARY OF CONGRESS CALL NUMBER
Classification number DA480
Item number .D43 2009
082 04 - DEWEY DECIMAL CLASSIFICATION NUMBER
Classification number 941.07
Edition number 22
100 1# - MAIN ENTRY--PERSONAL NAME
Personal name Deary, Terry
245 14 - TITLE STATEMENT
Title The gorgeous Georgians /
Statement of responsibility, etc. Terry Deary ; illustrated by Martin Brown.
250 ## - EDITION STATEMENT
Edition statement This edition published 2007
260 ## - PUBLICATION, DISTRIBUTION, ETC.
Place of publication, distribution, etc. London :
Name of publisher, distributor, etc. Scholastic,
Date of publication, distribution, etc. 1998
300 ## - PHYSICAL DESCRIPTION
Extent 139 pages :
Other physical details illustrations ;
Dimensions 20 cm
490 1# - SERIES STATEMENT
Series statement Horrible histories collections
500 ## - GENERAL NOTE
General note Includes index.
520 ## - SUMMARY, ETC.
Summary, etc. Learn all about the Gorgeous Georgians, like their sneaky schemes for hiding personal hygiene problems and the schoolchildren who went to war with their teachers! With a bold, accessible new look and revised by the author.
651 #0 - SUBJECT ADDED ENTRY--GEOGRAPHIC NAME
Geographic name Great Britain
General subdivision History
Chronological subdivision 18th century
Form subdivision Juvenile literature.
651 #0 - SUBJECT ADDED ENTRY--GEOGRAPHIC NAME
Geographic name Great Britain
General subdivision History
Chronological subdivision Victoria, 1837-1901
Form subdivision Juvenile literature.
651 #0 - SUBJECT ADDED ENTRY--GEOGRAPHIC NAME
Geographic name Great Britain
General subdivision Social conditions
Chronological subdivision 18th century
Form subdivision Juvenile literature.
651 #0 - SUBJECT ADDED ENTRY--GEOGRAPHIC NAME
Geographic name Great Britain
General subdivision Social conditions
Chronological subdivision 19th century
Form subdivision Juvenile literature.
700 1# - ADDED ENTRY--PERSONAL NAME
Personal name Brown, Martin
Dates associated with a name 1959-
Relator term illustrator
830 #0 - SERIES ADDED ENTRY--UNIFORM TITLE
Uniform title Horrible histories collections.
906 ## - LOCAL DATA ELEMENT F, LDF (RLIN)
a 7
b cbc
c copycat
d 3
e ncip
f 20
g y-gencatlg
942 ## - ADDED ENTRY ELEMENTS (KOHA)
Source of classification or shelving scheme Dewey Decimal Classification
Koha item type Books
Suppress in OPAC No
Holdings
Withdrawn status Lost status Source of classification or shelving scheme Damaged status Not for loan Collection Home library Current library Shelving location Date acquired Total Checkouts Full call number Barcode Date last seen Copy number Price effective from Koha item type
    Dewey Decimal Classification     Juvenile Fiction Footprints International School Library Network Toul Kork Campus Footprints International School Library Network Toul Kork Campus   11/21/2023   DEA 941.07 DA480 FISTKG3B054 11/21/2023 1 11/21/2023 Books
    Dewey Decimal Classification     Juvenile Fiction Footprints International School Library Network Toul Kork Campus Footprints International School Library Network Toul Kork Campus TTP Secondary Fiction Bookshelves 11/21/2023   DEA 941.07 DA480 FISO5277 11/05/2024 2 11/21/2023 Books